000 00511cam a2200181 4500
001 D15394
008 090401t1976 xxu||||| |||| 00| 0 eng d
035 _a(Sirsi) u22471
041 _aeng
110 _aRoyal Institution of Chartered Surveyors
_94900
245 4 _aThe British chapter of the International Real Estate Federation: list of members 1976/77
260 _aLondon
_bFIABCI
_c1976
300 _a61p. 21cm
350 _a0
710 _aFIABCI. United Kingdom
942 _n0
948 _c04/03/1997
999 _c88188
_d88188